000 00404cam a2200157ua 4500
041 _aeng
_h
082 _a635
_bHOW/FA
100 _aHoward, Albert .
245 _aFarming and gardening for health or diseases /
_cAlbert Howard.
_hTextual Documents
250 _a1 /
_b.
260 _aLondon :
_bFaber and Faber Ltd ,
_c1985.
300 _a282 ; .
504 _a
942 _cBK
999 _c8751
_d8751